When did this country collaspe - Statistics

General Stats
  • This quiz has been taken 63 times
  • The average score is 2 of 5
Answer Stats
Hint Answer % Correct
N*zi Germany 1945
93%
USSR (Soviet Union) 1993
81%
Portugese Empire 1974
24%
British Empire 1997
24%
Mongol Empire 1368
10%
No matching quizzes found
Score Distribution
Percent of People with Each Score
Percentile by Number Answered
Your Score History
You have not taken this quiz